Introductory statistics: a modelling approach
Guardado en:
| Autor principal: | |
|---|---|
| Formato: | Libro |
| Lenguaje: | inglés |
| Publicado: |
Oxford
Clarendon Press
1995
|
| Colección: | Oxford Science Publications Series
|
| Materias: | |
| Etiquetas: |
Agregar Etiqueta
Sin Etiquetas, Sea el primero en etiquetar este registro!
|
MARC
| LEADER | 00000nam a2200000 a 4500 | ||
|---|---|---|---|
| 001 | UCP6827 | ||
| 003 | CL-VaPUC | ||
| 008 | 991119e19950000UK |||||||||||||||||eng|d | ||
| 082 | 0 | 4 | |a 519.5 |b LIN |2 21 |
| 100 | |a Lindsey, Jim K. |e autor |9 436331 | ||
| 245 | 1 | 0 | |a Introductory statistics: a modelling approach |
| 300 | |a 214 p | ||
| 942 | |c BK | ||
| 945 | |d 19991119 00:00:00 |a rbrito | ||
| 260 | |a Oxford |b Clarendon Press |c 1995 | ||
| 650 | 0 | |a Matemática |9 260235 | |
| 650 | 0 | |a Estadística matemática |9 260028 | |
| 650 | 0 | |a Estadísticas |9 258644 | |
| 650 | 0 | |a Probabilidades |9 260199 | |
| 583 | |a last modification |c 19991119 00:00:00 |k Rodrigo Vera | ||
| 490 | 0 | |a Oxford Science Publications Series | |
| 999 | |c 284254 |d 284252 | ||
| 952 | |0 0 |1 0 |4 0 |6 519_500000000000000_LIN_1995 |7 0 |8 A |9 328104 |a BIBGIM |b BIBGIM |d 2019-11-20 |i 3575470 |o 519.5 LIN 1995 |p 3575470 |r 2025-01-15 |w 2019-11-20 |y BK |k EST | ||